Sports Quiz

Random Sports or Baseball Quiz

MLB Retired Jersey #8 Players Quiz Stats

 Plays Quiz not verified by Sporcle

Challenge
Share
Tweet
Embed
Score 0/7 Timer 04:00
0 Plays Today
Team Player % Correct
OriolesCal Ripken Jr.
92.1%
YankeesYogi Berra
91.8%
Red SoxCarl Yastrzemski
81.4%
RedsJoe Morgan
79.2%
ExposGary Carter
71.3%
PiratesWillie Stargell
69.9%
YankeesBill Dickey
55.6%

You're not logged in!

Compare scores with friends on all Sporcle quizzes.
Join for Free
OR
Log In

You Might Also Like...

Show Comments

Extras

Top Quizzes Today


Score Distribution

Your Account Isn't Verified!

In order to create a playlist on Sporcle, you need to verify the email address you used during registration. Go to your Sporcle Settings to finish the process.

Report this User

Report this user for behavior that violates our Community Guidelines.

Details: